000 01076nam0a22002291i 4500
001 rc\3690339
005 20240726024330.0
021 _aRU
_b[69-20904]
035 _a(NLR Aleph) 007756520
090 _a7319803
_c7319803
100 _a20130115d1969 |||y0rusy50 ca
101 0 _arus
102 _aRU
105 _ay d |||||
200 1 _aИсследование работы комплекса транспортного и отвального оборудования при экскаваторном отвалообразовании
_e(На примере Сарбайского карьера Соколовско-Сарбайского горнообогатит. комбината)
_eАвтореферат дис. на соискание учен. степени канд. техн. наук
_e(312)
_fАН Каз. ССР. Ин-т горного дела
210 _aАлма-Ата
_d1969
215 _a28 с.
_cграф.
700 1 _aКарпыков
_bС.С.
801 0 _aRU
_bNLR
_gpsbo
801 1 _aRU
_bELAR
_2rusmarc
852 _aNLR
_j69-4/11634
942 _cBOOK